Cesty k účinnější správě společností
Pojem správa spoločnosti. Konkurenčná výhoda a konkurenčná stratégia v ekonomickej teórii. Správa spoločnosti a konkurenčná výhoda. Princípy dobrej správy spoločnosti. Zvýšenie účinnosti správneho orgánu spoločnosti. Podávanie správ o správe spoločnosti. Základné kritériá hodnotenia kvality správy...
Guardado en:
| Autor principal: | |
|---|---|
| Formato: | Capítulo de libro |
| Lenguaje: | checo |
| Materias: | |
| Etiquetas: |
Sin Etiquetas, Sea el primero en etiquetar este registro!
|
MARC
| LEADER | 00000naa$a2200000$$$4500 | ||
|---|---|---|---|
| 001 | 0022074 | ||
| 005 | 20231107101804.1 | ||
| 041 | 0 | |a cze | |
| 044 | |a CZ | ||
| 245 | 1 | 0 | |a Cesty k účinnější správě společností |c Miroslav Hučka |
| 520 | |a Pojem správa spoločnosti. Konkurenčná výhoda a konkurenčná stratégia v ekonomickej teórii. Správa spoločnosti a konkurenčná výhoda. Princípy dobrej správy spoločnosti. Zvýšenie účinnosti správneho orgánu spoločnosti. Podávanie správ o správe spoločnosti. Základné kritériá hodnotenia kvality správy spoločnosti zo strany záujmových skupín. | ||
| 610 | 2 | 0 | |a výhody konkurenčné |
| 610 | 2 | 0 | |a správa spoločnosti |
| 610 | 2 | 0 | |a kódexy etické |
| 610 | 2 | 0 | |a teórie ekonomické |
| 610 | 2 | 0 | |a pojmy |
| 610 | 2 | 0 | |a riadenie podnikové |
| 610 | 2 | 0 | |a orgány štatutárne |
| 610 | 2 | 0 | |a akcionári |
| 610 | 2 | 0 | |a stratégia podniková |
| 100 | 1 | |a Hučka, Miroslav | |